<?xml version="1.0" encoding="UTF-8"?>
<record
    xmlns:xsi="http://www.w3.org/2001/XMLSchema-instance"
    xsi:schemaLocation="http://www.loc.gov/MARC21/slim http://www.loc.gov/standards/marcxml/schema/MARC21slim.xsd"
    xmlns="http://www.loc.gov/MARC21/slim">

  <leader>00879nam a2200289 i 4500</leader>
  <controlfield tag="001">C2-0343431</controlfield>
  <controlfield tag="003">PPAK</controlfield>
  <controlfield tag="005">20210621085024.0</controlfield>
  <controlfield tag="008">171002s2017    my a   j     |  0   may d</controlfield>
  <datafield tag="020" ind1=" " ind2=" ">
    <subfield code="a">9789834903244</subfield>
    <subfield code="q">paperback</subfield>
  </datafield>
  <datafield tag="040" ind1=" " ind2=" ">
    <subfield code="a">PPAK</subfield>
    <subfield code="b">eng</subfield>
    <subfield code="c">PPAK</subfield>
    <subfield code="e">rda</subfield>
  </datafield>
  <datafield tag="082" ind1="0" ind2="4">
    <subfield code="a">595.7</subfield>
    <subfield code="2">23</subfield>
  </datafield>
  <datafield tag="090" ind1="0" ind2="0">
    <subfield code="a">595.7</subfield>
    <subfield code="b">HAS</subfield>
    <subfield code="d">K</subfield>
  </datafield>
  <datafield tag="100" ind1="0" ind2=" ">
    <subfield code="a">Hasimah Azit, </subfield>
    <subfield code="e">author.</subfield>
  </datafield>
  <datafield tag="245" ind1="1" ind2="0">
    <subfield code="a">Labah-labah /</subfield>
    <subfield code="c">Hasimah Azit</subfield>
  </datafield>
  <datafield tag="264" ind1=" " ind2="1">
    <subfield code="a">Kuala Lumpur : </subfield>
    <subfield code="b">Dewan Bahasa dan Pustaka,</subfield>
    <subfield code="c">2017</subfield>
  </datafield>
  <datafield tag="300" ind1=" " ind2=" ">
    <subfield code="a">vii, 32 pages : </subfield>
    <subfield code="b">colour photographs ; </subfield>
    <subfield code="c">24 cm</subfield>
  </datafield>
  <datafield tag="336" ind1=" " ind2=" ">
    <subfield code="2">rdacontent</subfield>
    <subfield code="a">text</subfield>
  </datafield>
  <datafield tag="337" ind1=" " ind2=" ">
    <subfield code="2">rdamedia</subfield>
    <subfield code="a">unmediated</subfield>
  </datafield>
  <datafield tag="338" ind1=" " ind2=" ">
    <subfield code="2">rdacarrier</subfield>
    <subfield code="a">volume</subfield>
  </datafield>
  <datafield tag="490" ind1="1" ind2=" ">
    <subfield code="a">Siri haiwan kecil</subfield>
  </datafield>
  <datafield tag="650" ind1="1" ind2="0">
    <subfield code="a">Insects </subfield>
    <subfield code="v">Juvenile literature.</subfield>
  </datafield>
  <datafield tag="650" ind1="2" ind2="0">
    <subfield code="a">Insects </subfield>
    <subfield code="v">Pictorial works </subfield>
    <subfield code="x">Juvenile literature</subfield>
  </datafield>
  <datafield tag="650" ind1="2" ind2="0">
    <subfield code="a">Spiders </subfield>
    <subfield code="v">Juvenile literature.</subfield>
  </datafield>
  <datafield tag="830" ind1=" " ind2="0">
    <subfield code="a">Siri haiwan kecil</subfield>
  </datafield>
  <datafield tag="942" ind1=" " ind2=" ">
    <subfield code="c">B</subfield>
    <subfield code="2">ddc</subfield>
  </datafield>
  <datafield tag="999" ind1=" " ind2=" ">
    <subfield code="c">140298</subfield>
    <subfield code="d">140298</subfield>
  </datafield>
  <datafield tag="952" ind1=" " ind2=" ">
    <subfield code="0">0</subfield>
    <subfield code="7">0</subfield>
    <subfield code="b">PD39</subfield>
    <subfield code="c">K</subfield>
    <subfield code="d">2017-10-10</subfield>
    <subfield code="o">K 595.7 HAS</subfield>
    <subfield code="p">A01544754</subfield>
    <subfield code="r">2018-05-09 00:00:00</subfield>
    <subfield code="y">B</subfield>
  </datafield>
  <datafield tag="952" ind1=" " ind2=" ">
    <subfield code="0">0</subfield>
    <subfield code="7">0</subfield>
    <subfield code="b">B1</subfield>
    <subfield code="c">K</subfield>
    <subfield code="d">2017-10-10</subfield>
    <subfield code="o">K 595.7 HAS</subfield>
    <subfield code="p">A01544714</subfield>
    <subfield code="r">2018-05-09 00:00:00</subfield>
    <subfield code="y">B</subfield>
  </datafield>
  <datafield tag="952" ind1=" " ind2=" ">
    <subfield code="0">0</subfield>
    <subfield code="7">0</subfield>
    <subfield code="b">B3</subfield>
    <subfield code="c">K</subfield>
    <subfield code="d">2017-10-10</subfield>
    <subfield code="o">K 595.7 HAS</subfield>
    <subfield code="p">A01544715</subfield>
    <subfield code="r">2018-05-09 00:00:00</subfield>
    <subfield code="y">B</subfield>
  </datafield>
  <datafield tag="952" ind1=" " ind2=" ">
    <subfield code="0">0</subfield>
    <subfield code="7">0</subfield>
    <subfield code="b">B4</subfield>
    <subfield code="c">K</subfield>
    <subfield code="d">2017-10-10</subfield>
    <subfield code="o">K 595.7 HAS</subfield>
    <subfield code="p">A01544716</subfield>
    <subfield code="r">2018-05-09 00:00:00</subfield>
    <subfield code="y">B</subfield>
  </datafield>
  <datafield tag="952" ind1=" " ind2=" ">
    <subfield code="0">0</subfield>
    <subfield code="7">0</subfield>
    <subfield code="b">B5</subfield>
    <subfield code="c">K</subfield>
    <subfield code="d">2017-10-10</subfield>
    <subfield code="o">K 595.7 HAS</subfield>
    <subfield code="p">A01544717</subfield>
    <subfield code="r">2018-05-09 00:00:00</subfield>
    <subfield code="y">B</subfield>
  </datafield>
  <datafield tag="952" ind1=" " ind2=" ">
    <subfield code="0">0</subfield>
    <subfield code="7">0</subfield>
    <subfield code="b">PD1</subfield>
    <subfield code="c">K</subfield>
    <subfield code="d">2017-10-10</subfield>
    <subfield code="o">K 595.7 HAS</subfield>
    <subfield code="p">A01544718</subfield>
    <subfield code="r">2018-05-09 00:00:00</subfield>
    <subfield code="y">B</subfield>
  </datafield>
  <datafield tag="952" ind1=" " ind2=" ">
    <subfield code="0">0</subfield>
    <subfield code="7">0</subfield>
    <subfield code="b">PD3</subfield>
    <subfield code="c">K</subfield>
    <subfield code="d">2017-10-10</subfield>
    <subfield code="o">K 595.7 HAS</subfield>
    <subfield code="p">A01544720</subfield>
    <subfield code="r">2018-05-09 00:00:00</subfield>
    <subfield code="y">B</subfield>
  </datafield>
  <datafield tag="952" ind1=" " ind2=" ">
    <subfield code="0">0</subfield>
    <subfield code="7">0</subfield>
    <subfield code="b">PD4</subfield>
    <subfield code="c">K</subfield>
    <subfield code="d">2017-10-10</subfield>
    <subfield code="o">K 595.7 HAS</subfield>
    <subfield code="p">A01544721</subfield>
    <subfield code="r">2018-05-09 00:00:00</subfield>
    <subfield code="y">B</subfield>
  </datafield>
  <datafield tag="952" ind1=" " ind2=" ">
    <subfield code="0">0</subfield>
    <subfield code="7">0</subfield>
    <subfield code="b">PD5</subfield>
    <subfield code="c">K</subfield>
    <subfield code="d">2017-10-10</subfield>
    <subfield code="l">0</subfield>
    <subfield code="o">K 595.7 HAS</subfield>
    <subfield code="p">A01544722</subfield>
    <subfield code="r">2018-05-09 00:00:00</subfield>
    <subfield code="y">B</subfield>
  </datafield>
  <datafield tag="952" ind1=" " ind2=" ">
    <subfield code="0">0</subfield>
    <subfield code="7">0</subfield>
    <subfield code="b">PD6</subfield>
    <subfield code="c">K</subfield>
    <subfield code="d">2017-10-10</subfield>
    <subfield code="o">K 595.7 HAS</subfield>
    <subfield code="p">A01544723</subfield>
    <subfield code="r">2018-05-09 00:00:00</subfield>
    <subfield code="y">B</subfield>
  </datafield>
  <datafield tag="952" ind1=" " ind2=" ">
    <subfield code="0">0</subfield>
    <subfield code="7">0</subfield>
    <subfield code="b">PD7</subfield>
    <subfield code="c">K</subfield>
    <subfield code="d">2017-10-10</subfield>
    <subfield code="l">0</subfield>
    <subfield code="o">K 595.7 HAS</subfield>
    <subfield code="p">A01544724</subfield>
    <subfield code="r">2018-05-09 00:00:00</subfield>
    <subfield code="y">B</subfield>
  </datafield>
  <datafield tag="952" ind1=" " ind2=" ">
    <subfield code="0">0</subfield>
    <subfield code="7">0</subfield>
    <subfield code="b">PD34</subfield>
    <subfield code="c">K</subfield>
    <subfield code="d">2017-10-10</subfield>
    <subfield code="o">K 595.7 HAS</subfield>
    <subfield code="p">A01544748</subfield>
    <subfield code="r">2018-05-09 00:00:00</subfield>
    <subfield code="y">B</subfield>
  </datafield>
  <datafield tag="952" ind1=" " ind2=" ">
    <subfield code="0">0</subfield>
    <subfield code="7">0</subfield>
    <subfield code="b">PD35</subfield>
    <subfield code="c">K</subfield>
    <subfield code="d">2017-10-10</subfield>
    <subfield code="l">0</subfield>
    <subfield code="o">K 595.7 HAS</subfield>
    <subfield code="p">A01544749</subfield>
    <subfield code="r">2018-05-09 00:00:00</subfield>
    <subfield code="y">B</subfield>
  </datafield>
  <datafield tag="952" ind1=" " ind2=" ">
    <subfield code="0">0</subfield>
    <subfield code="7">0</subfield>
    <subfield code="b">PD37</subfield>
    <subfield code="c">K</subfield>
    <subfield code="d">2017-10-10</subfield>
    <subfield code="l">0</subfield>
    <subfield code="o">K 595.7 HAS</subfield>
    <subfield code="p">A01544751</subfield>
    <subfield code="r">2018-05-09 00:00:00</subfield>
    <subfield code="y">B</subfield>
  </datafield>
  <datafield tag="952" ind1=" " ind2=" ">
    <subfield code="0">0</subfield>
    <subfield code="7">0</subfield>
    <subfield code="b">PD38</subfield>
    <subfield code="c">K</subfield>
    <subfield code="d">2017-10-10</subfield>
    <subfield code="l">0</subfield>
    <subfield code="o">K 595.7 HAS</subfield>
    <subfield code="p">A01544752</subfield>
    <subfield code="r">2018-05-09 00:00:00</subfield>
    <subfield code="y">B</subfield>
  </datafield>
  <datafield tag="952" ind1=" " ind2=" ">
    <subfield code="0">0</subfield>
    <subfield code="7">0</subfield>
    <subfield code="b">PD15</subfield>
    <subfield code="c">K</subfield>
    <subfield code="d">2017-10-10</subfield>
    <subfield code="o">K 595.7 HAS</subfield>
    <subfield code="p">A01544753</subfield>
    <subfield code="r">2018-05-09 00:00:00</subfield>
    <subfield code="y">B</subfield>
  </datafield>
  <datafield tag="952" ind1=" " ind2=" ">
    <subfield code="0">0</subfield>
    <subfield code="7">0</subfield>
    <subfield code="b">PD29</subfield>
    <subfield code="c">K</subfield>
    <subfield code="d">2017-10-10</subfield>
    <subfield code="l">0</subfield>
    <subfield code="o">K 595.7 HAS</subfield>
    <subfield code="p">A01544743</subfield>
    <subfield code="r">2018-05-09 00:00:00</subfield>
    <subfield code="y">B</subfield>
  </datafield>
  <datafield tag="952" ind1=" " ind2=" ">
    <subfield code="0">0</subfield>
    <subfield code="7">0</subfield>
    <subfield code="b">PD30</subfield>
    <subfield code="c">K</subfield>
    <subfield code="d">2017-10-10</subfield>
    <subfield code="l">0</subfield>
    <subfield code="o">K 595.7 HAS</subfield>
    <subfield code="p">A01544744</subfield>
    <subfield code="r">2018-05-09 00:00:00</subfield>
    <subfield code="y">B</subfield>
  </datafield>
  <datafield tag="952" ind1=" " ind2=" ">
    <subfield code="0">0</subfield>
    <subfield code="7">0</subfield>
    <subfield code="b">PD31</subfield>
    <subfield code="c">K</subfield>
    <subfield code="d">2017-10-10</subfield>
    <subfield code="o">K 595.7 HAS</subfield>
    <subfield code="p">A01544745</subfield>
    <subfield code="r">2018-05-09 00:00:00</subfield>
    <subfield code="y">B</subfield>
  </datafield>
  <datafield tag="952" ind1=" " ind2=" ">
    <subfield code="0">0</subfield>
    <subfield code="7">0</subfield>
    <subfield code="b">B3</subfield>
    <subfield code="c">K</subfield>
    <subfield code="d">2017-10-10</subfield>
    <subfield code="l">0</subfield>
    <subfield code="o">K 595.7 HAS</subfield>
    <subfield code="p">A01544746</subfield>
    <subfield code="r">2018-05-09 00:00:00</subfield>
    <subfield code="y">B</subfield>
  </datafield>
  <datafield tag="952" ind1=" " ind2=" ">
    <subfield code="0">0</subfield>
    <subfield code="7">0</subfield>
    <subfield code="b">PD33</subfield>
    <subfield code="c">K</subfield>
    <subfield code="d">2017-10-10</subfield>
    <subfield code="l">0</subfield>
    <subfield code="o">K 595.7 HAS</subfield>
    <subfield code="p">A01544747</subfield>
    <subfield code="r">2018-05-09 00:00:00</subfield>
    <subfield code="y">B</subfield>
  </datafield>
  <datafield tag="952" ind1=" " ind2=" ">
    <subfield code="0">0</subfield>
    <subfield code="7">0</subfield>
    <subfield code="b">PD8</subfield>
    <subfield code="c">K</subfield>
    <subfield code="d">2017-10-10</subfield>
    <subfield code="l">0</subfield>
    <subfield code="o">K 595.7 HAS</subfield>
    <subfield code="p">A01544725</subfield>
    <subfield code="r">2018-05-09 00:00:00</subfield>
    <subfield code="y">B</subfield>
  </datafield>
  <datafield tag="952" ind1=" " ind2=" ">
    <subfield code="0">0</subfield>
    <subfield code="7">0</subfield>
    <subfield code="b">PD11</subfield>
    <subfield code="c">K</subfield>
    <subfield code="d">2017-10-10</subfield>
    <subfield code="l">0</subfield>
    <subfield code="o">K 595.7 HAS</subfield>
    <subfield code="p">A01544726</subfield>
    <subfield code="r">2018-05-09 00:00:00</subfield>
    <subfield code="y">B</subfield>
  </datafield>
  <datafield tag="952" ind1=" " ind2=" ">
    <subfield code="0">0</subfield>
    <subfield code="7">0</subfield>
    <subfield code="b">PD12</subfield>
    <subfield code="c">K</subfield>
    <subfield code="d">2017-10-10</subfield>
    <subfield code="l">0</subfield>
    <subfield code="o">K 595.7 HAS</subfield>
    <subfield code="p">A01544727</subfield>
    <subfield code="r">2018-05-09 00:00:00</subfield>
    <subfield code="y">B</subfield>
  </datafield>
  <datafield tag="952" ind1=" " ind2=" ">
    <subfield code="0">0</subfield>
    <subfield code="7">0</subfield>
    <subfield code="b">PD13</subfield>
    <subfield code="c">K</subfield>
    <subfield code="d">2017-10-10</subfield>
    <subfield code="o">K 595.7 HAS</subfield>
    <subfield code="p">A01544728</subfield>
    <subfield code="r">2018-05-09 00:00:00</subfield>
    <subfield code="y">B</subfield>
  </datafield>
  <datafield tag="952" ind1=" " ind2=" ">
    <subfield code="0">0</subfield>
    <subfield code="7">0</subfield>
    <subfield code="b">PD24</subfield>
    <subfield code="c">K</subfield>
    <subfield code="d">2017-10-10</subfield>
    <subfield code="o">K 595.7 HAS</subfield>
    <subfield code="p">A01544738</subfield>
    <subfield code="r">2018-05-09 00:00:00</subfield>
    <subfield code="y">B</subfield>
  </datafield>
  <datafield tag="952" ind1=" " ind2=" ">
    <subfield code="0">0</subfield>
    <subfield code="7">0</subfield>
    <subfield code="b">PD25</subfield>
    <subfield code="c">K</subfield>
    <subfield code="d">2017-10-10</subfield>
    <subfield code="o">K 595.7 HAS</subfield>
    <subfield code="p">A01544739</subfield>
    <subfield code="r">2018-05-09 00:00:00</subfield>
    <subfield code="y">B</subfield>
  </datafield>
  <datafield tag="952" ind1=" " ind2=" ">
    <subfield code="0">0</subfield>
    <subfield code="7">0</subfield>
    <subfield code="b">PD27</subfield>
    <subfield code="c">K</subfield>
    <subfield code="d">2017-10-10</subfield>
    <subfield code="o">K 595.7 HAS</subfield>
    <subfield code="p">A01544741</subfield>
    <subfield code="r">2018-05-09 00:00:00</subfield>
    <subfield code="y">B</subfield>
  </datafield>
  <datafield tag="952" ind1=" " ind2=" ">
    <subfield code="0">0</subfield>
    <subfield code="7">0</subfield>
    <subfield code="b">PD28</subfield>
    <subfield code="c">K</subfield>
    <subfield code="d">2017-10-10</subfield>
    <subfield code="o">K 595.7 HAS</subfield>
    <subfield code="p">A01544742</subfield>
    <subfield code="r">2018-05-09 00:00:00</subfield>
    <subfield code="y">B</subfield>
  </datafield>
  <datafield tag="952" ind1=" " ind2=" ">
    <subfield code="0">0</subfield>
    <subfield code="7">0</subfield>
    <subfield code="b">PPAK</subfield>
    <subfield code="c">K</subfield>
    <subfield code="d">2017-10-10</subfield>
    <subfield code="l">8</subfield>
    <subfield code="o">K 595.7 HAS</subfield>
    <subfield code="p">A01544712</subfield>
    <subfield code="r">2025-02-09 09:53:48</subfield>
    <subfield code="s">2025-01-21</subfield>
    <subfield code="y">B</subfield>
  </datafield>
  <datafield tag="952" ind1=" " ind2=" ">
    <subfield code="0">0</subfield>
    <subfield code="7">0</subfield>
    <subfield code="b">PPAK</subfield>
    <subfield code="c">K</subfield>
    <subfield code="d">2017-10-10</subfield>
    <subfield code="l">2</subfield>
    <subfield code="m">1</subfield>
    <subfield code="o">K 595.7 HAS</subfield>
    <subfield code="p">A01544713</subfield>
    <subfield code="r">2024-03-27 15:03:08</subfield>
    <subfield code="s">2024-03-13</subfield>
    <subfield code="y">B</subfield>
  </datafield>
  <datafield tag="952" ind1=" " ind2=" ">
    <subfield code="0">0</subfield>
    <subfield code="7">0</subfield>
    <subfield code="b">PD15</subfield>
    <subfield code="c">K</subfield>
    <subfield code="d">2017-10-10</subfield>
    <subfield code="o">K 595.7 HAS</subfield>
    <subfield code="p">A01544730</subfield>
    <subfield code="r">2018-05-09 00:00:00</subfield>
    <subfield code="y">B</subfield>
  </datafield>
  <datafield tag="952" ind1=" " ind2=" ">
    <subfield code="0">0</subfield>
    <subfield code="7">0</subfield>
    <subfield code="b">PD16</subfield>
    <subfield code="c">K</subfield>
    <subfield code="d">2017-10-10</subfield>
    <subfield code="l">0</subfield>
    <subfield code="o">K 595.7 HAS</subfield>
    <subfield code="p">A01544731</subfield>
    <subfield code="r">2018-05-09 00:00:00</subfield>
    <subfield code="y">B</subfield>
  </datafield>
  <datafield tag="952" ind1=" " ind2=" ">
    <subfield code="0">0</subfield>
    <subfield code="7">0</subfield>
    <subfield code="b">PD12</subfield>
    <subfield code="c">K</subfield>
    <subfield code="d">2017-10-10</subfield>
    <subfield code="l">0</subfield>
    <subfield code="o">K 595.7 HAS</subfield>
    <subfield code="p">A01544732</subfield>
    <subfield code="r">2018-05-09 00:00:00</subfield>
    <subfield code="y">B</subfield>
  </datafield>
  <datafield tag="952" ind1=" " ind2=" ">
    <subfield code="0">0</subfield>
    <subfield code="7">0</subfield>
    <subfield code="b">PD18</subfield>
    <subfield code="c">K</subfield>
    <subfield code="d">2017-10-10</subfield>
    <subfield code="o">K 595.7 HAS</subfield>
    <subfield code="p">A01544733</subfield>
    <subfield code="r">2018-05-09 00:00:00</subfield>
    <subfield code="y">B</subfield>
  </datafield>
  <datafield tag="952" ind1=" " ind2=" ">
    <subfield code="0">0</subfield>
    <subfield code="7">0</subfield>
    <subfield code="b">PD19</subfield>
    <subfield code="c">K</subfield>
    <subfield code="d">2017-10-10</subfield>
    <subfield code="l">0</subfield>
    <subfield code="o">K 595.7 HAS</subfield>
    <subfield code="p">A01544734</subfield>
    <subfield code="r">2018-05-09 00:00:00</subfield>
    <subfield code="y">B</subfield>
  </datafield>
  <datafield tag="952" ind1=" " ind2=" ">
    <subfield code="0">0</subfield>
    <subfield code="7">0</subfield>
    <subfield code="b">PD20</subfield>
    <subfield code="c">K</subfield>
    <subfield code="d">2017-10-10</subfield>
    <subfield code="o">K 595.7 HAS</subfield>
    <subfield code="p">A01544735</subfield>
    <subfield code="r">2018-05-09 00:00:00</subfield>
    <subfield code="y">B</subfield>
  </datafield>
  <datafield tag="952" ind1=" " ind2=" ">
    <subfield code="0">0</subfield>
    <subfield code="7">0</subfield>
    <subfield code="b">PD21</subfield>
    <subfield code="c">K</subfield>
    <subfield code="d">2017-10-10</subfield>
    <subfield code="o">K 595.7 HAS</subfield>
    <subfield code="p">A01544736</subfield>
    <subfield code="r">2018-05-09 00:00:00</subfield>
    <subfield code="y">B</subfield>
  </datafield>
  <datafield tag="952" ind1=" " ind2=" ">
    <subfield code="0">0</subfield>
    <subfield code="7">0</subfield>
    <subfield code="b">PD23</subfield>
    <subfield code="c">K</subfield>
    <subfield code="d">2017-10-10</subfield>
    <subfield code="o">K 595.7 HAS</subfield>
    <subfield code="p">A01544737</subfield>
    <subfield code="r">2018-05-09 00:00:00</subfield>
    <subfield code="y">B</subfield>
  </datafield>
</record>
